[Event "Oberliga Nord W 9899"]
[Site "Germany"]
[Date "1999.02.21"]
[Round "6.2"]
[White "Geveke, Michael"]
[Black "Zeitlein, Michael"]
[Result "0-1"]
[WhiteElo "2315"]
[BlackElo "2455"]
[PlyCount "144"]
[EventDate "1998.10.??"]
[EventType "team"]
[EventRounds "9"]
[EventCountry "GER"]
[SourceTitle "EXT 2003"]
[Source "ChessBase"]
[SourceDate "2002.11.25"]
[SourceVersion "1"]
[SourceVersionDate "2002.11.25"]
[SourceQuality "1"]
[WhiteTeam "Hannover SV"]
[BlackTeam "Werder Bremen II"]
[WhiteTeamCountry "GER"]
[BlackTeamCountry "GER"]

1. Nf3 d6 2. d4 Bg4 3. e4 e6 4. Nc3 Nf6 5. Bg5 Be7 6. Be2 O-O 7. O-O d5 8. exd5
exd5 9. Ne5 Bxe2 10. Nxe2 Nbd7 11. Ng3 h6 12. Bf4 Re8 13. Qf3 Bd6 14. Rfe1 Re6
15. Nf5 Bxe5 16. Bxe5 Nxe5 17. Rxe5 Rxe5 18. dxe5 Ne4 19. Rd1 c6 20. c4 Qe8 21.
cxd5 Qxe5 22. d6 Nf6 23. Ne7+ Kf8 24. Qb3 Rd8 25. Qb4 a5 26. Qd2 Ne4 27. Qe1
Rxd6 28. Rxd6 Qxd6 29. Nf5 Qd2 30. Qxd2 Nxd2 31. Nd6 b5 32. Nb7 a4 33. f3 Ke7
34. Kf2 Nc4 35. b3 axb3 36. axb3 Nd6 37. Nc5 Nf5 38. Ke2 Kd6 39. Ne4+ Kd5 40.
Kd3 c5 41. Nc3+ Kc6 42. Ne4 Nd6 43. Nc3 b4 44. Ne2 g5 45. Ng3 f5 46. Ne2 Kd5
47. Ng3 f4 48. Ne2 Nf7 49. h4 Ne5+ 50. Kc2 c4 51. bxc4+ Kxc4 52. hxg5 hxg5 53.
Nc1 Nc6 54. Kd2 Ne5 55. Kc2 Nd7 56. Nd3 b3+ 57. Kd2 Kd4 58. Nc1 Nc5 59. Ne2+
Kc4 60. Nc3 Kb4 61. Nb1 Na4 62. Kd3 Nb2+ 63. Kd2 Nc4+ 64. Kc1 Kc5 65. Nc3 Kd4
66. Nd1 Ke5 67. Nf2 Kf5 68. Nd3 Kg6 69. Nc5 b2+ 70. Kb1 Kh5 71. Ne4 Kh4 72. Ka2
Ne3 0-1